[Event "Madrid-ch Previa-A"]
[Site "Madrid"]
[Date "2018.02.20"]
[Round "8"]
[White "Jimenez Garcia, Rodrigo"]
[Black "Andalon Gomez, Carlos Jesus"]
[Result "1/2-1/2"]
[WhiteElo "1783"]
[BlackElo "1935"]
[PlyCount "71"]
[EventDate "2018.02.05"]
[EventType "swiss"]
[EventRounds "9"]
[EventCountry "ESP"]
[SourceTitle "EXT 2020"]
[Source "ChessBase"]
[SourceDate "2019.10.17"]
[SourceVersion "1"]
[SourceVersionDate "2019.10.17"]
[SourceQuality "1"]

1. e4 c6 2. d4 d5 3. Nd2 dxe4 4. Nxe4 Nd7 5. Ng5 Ndf6 6. Bc4 e6 7. c3 h6 8. N5f3 Bd6 9. Qe2 Ne7 10. Ne5 0-0 11. Ngf3 c5 12. Be3 cxd4 13. Bxd4 Nf5 14. 0-0-0 Qc7 15. Bb3 a5 16. Nc4 Nxd4 17. Nxd4 Bc5 18. Qe5 Qxe5 19. Nxe5 b6 20. Bc2 Ba6 21. Rhe1 b5 22. f3 Rfc8 23. Nb3 b4 24. Nxc5 Rxc5 25. Nd7 Nxd7 26. Rxd7 bxc3 27. b3 Bb5 28. Rd4 Rac8 29. Red1 g6 30. Rd8+ Kg7 31. Rxc8 Rxc8 32. Bd3 Be8 33. Kc2 a4 34. Bc4 axb3+ 35. axb3 Ra8 36. Kxc3 1/2-1/2

[Event "Mondariz Balneario Cemar op 4th"]
[Site "Mondariz"]
[Date "2017.08.18"]
[Round "3"]
[White "Andalon Gomez, Carlos Jesus"]
[Black "Cruz Lledo, Pablo"]
[Result "0-1"]
[WhiteElo "1938"]
[BlackElo "2439"]
[PlyCount "60"]
[EventDate "2017.08.16"]
[EventType "swiss"]
[EventRounds "9"]
[EventCountry "ESP"]
[SourceTitle "CBM 180 Extra"]
[Source "ChessBase"]
[SourceDate "2017.10.06"]
[SourceVersion "1"]
[SourceVersionDate "2017.10.06"]
[SourceQuality "1"]

1. d4 d5 2. c4 e6 3. Nc3 Bb4 4. Qa4+ Nc6 5. Nf3 Nge7 6. Bg5 f6 7. Bh4 0-0 8. e3 Bd7 9. Rc1 Bxc3+ 10. Rxc3 Nxd4 11. Qa3 Nxf3+ 12. gxf3 d4 13. exd4 Nf5 14. Bg3 Nxd4 15. Qc5 e5 16. Bg2 Bc6 17. h4 Qd7 18. Kf1 Rad8 19. Bh3 Qf7 20. Kg2 Qh5 21. Qa3 e4 22. fxe4 Bxe4+ 23. f3 Nxf3 24. Rxf3 Rd2+ 25. Bf2 Rfd8 26. Be6+ Kh8 27. Bd5 Qg4+ 28. Kf1 R2xd5 29. cxd5 Bxf3 30. Rh2 Qc4+ 0-1

[Event "Madrid Codes Memorial 11th"]
[Site "Madrid"]
[Date "2017.05.28"]
[Round "7"]
[White "Andalon Gomez, Carlos Jesus"]
[Black "Alonso Gutierrez, Anastasio"]
[Result "1/2-1/2"]
[WhiteElo "1983"]
[BlackElo "1825"]
[PlyCount "82"]
[EventDate "2017.04.02"]
[EventType "swiss"]
[EventRounds "9"]
[EventCountry "ESP"]
[SourceTitle "EXT 2019"]
[Source "ChessBase"]
[SourceDate "2018.10.10"]
[SourceVersion "1"]
[SourceVersionDate "2018.10.10"]
[SourceQuality "1"]

1. d4 Nf6 2. c4 c5 3. d5 b5 4. cxb5 a6 5. bxa6 Bxa6 6. g3 g6 7. Bg2 d6 8. Nc3 Bg7 9. Nf3 Nbd7 10. Rb1 Ng4 11. Qc2 0-0 12. 0-0 Nge5 13. Nxe5 Nxe5 14. b3 Qb6 15. Bb2 Rfb8 16. Ba1 Qa7 17. Rfd1 Rb4 18. Na4 Bb5 19. Nc3 Ba6 20. e3 Rab8 21. f4 Ng4 22. Re1 c4 23. h3 cxb3 24. Rxb3 Rxb3 25. axb3 Nxe3 26. Qf2 Bd4 27. Nb5 Rxb5 28. Bxd4 Qxd4 29. Qxe3 Qxe3+ 30. Rxe3 Kf8 31. Bf1 Ra5 32. Bxa6 Rxa6 33. Kf2 Ra2+ 34. Kf3 f5 35. Rd3 Ke8 36. Ke3 Kd7 37. Kd4 Rc2 38. b4 Re2 39. Kc4 Kc7 40. Kb5 Kb7 41. Ka5 Ra2+ 1/2-1/2

[Event "Madrid Los Angeles op 10th"]
[Site "Madrid"]
[Date "2016.04.10"]
[Round "2"]
[White "Andalon Gomez, Carlos Jesus"]
[Black "Murciano Cespedosa, Antonio"]
[Result "1-0"]
[WhiteElo "2000"]
[BlackElo "1689"]
[PlyCount "23"]
[EventDate "2016.04.03"]
[EventType "swiss"]
[EventRounds "9"]
[EventCountry "ESP"]
[SourceTitle "CBM 172 Extra"]
[Source "ChessBase"]
[SourceDate "2016.06.21"]
[SourceVersion "1"]
[SourceVersionDate "2016.06.21"]
[SourceQuality "1"]

1. d4 Nf6 2. c4 c5 3. d5 b5 4. cxb5 a6 5. Nc3 axb5 6. e4 b4 7. Nb5 d6 8. Bf4 Nbd7 9. Nf3 g6 10. e5 dxe5 11. Nxe5 Bb7 12. Nc6 1-0

[Event "Madrid San Viator op 25th"]
[Site "Madrid"]
[Date "2015.11.22"]
[Round "9"]
[White "Andalon Gomez, Carlos Jesus"]
[Black "Bustos Bernardo, Samuel"]
[Result "1/2-1/2"]
[WhiteElo "1963"]
[BlackElo "1964"]
[PlyCount "108"]
[EventDate "2015.10.04"]
[EventType "swiss"]
[EventRounds "9"]
[EventCountry "ESP"]
[SourceTitle "CBM 169 Extra"]
[Source "ChessBase"]
[SourceDate "2015.12.18"]
[SourceVersion "1"]
[SourceVersionDate "2015.12.18"]
[SourceQuality "1"]

1. d4 Nf6 2. c4 c5 3. Nf3 a6 4. Nc3 cxd4 5. Nxd4 e6 6. g3 Qc7 7. b3 d5 8. Qd3 e5 9. Nc2 d4 10. Ne4 Nxe4 11. Qxe4 Bd7 12. Qd3 Bc6 13. f3 Bd6 14. Bg2 Nd7 15. b4 b6 16. 0-0 0-0 17. Bb2 a5 18. b5 Bb7 19. Rac1 Nc5 20. Qd1 Na4 21. Ba1 Nc3 22. Bxc3 dxc3 23. Qd3 Bb4 24. a3 Rfd8 25. Qf5 g6 26. Qg4 h5 27. Qh3 Qc5+ 28. Kh1 Bxa3 29. Nxa3 Qxa3 30. g4 hxg4 31. fxg4 Bxg2+ 32. Qxg2 Qb4 33. Qf3 Qxc4 34. Rxc3 Qd5 35. e4 Qa2 36. Rc7 Rf8 37. Rf2 Qe6 38. Rc6 Qd7 39. Rxb6 Rab8 40. Rf6 Kg7 41. b6 a4 42. Kg2 Rb7 43. h4 a3 44. h5 gxh5 45. gxh5 Rg8 46. Kh2 Qe7 47. Rg2+ Kf8 48. Rxg8+ Kxg8 49. h6 Kh8 50. Qf5 a2 51. Qc8+ Kh7 52. Qf5+ Kg8 53. Qc8+ Kh7 54. Qf5+ Kh8 1/2-1/2

[Event "Madrid San Viator op 25th"]
[Site "Madrid"]
[Date "2015.10.12"]
[Round "3"]
[White "Andalon Gomez, Carlos Jesus"]
[Black "Lopez de Turiso, Jose Angel"]
[Result "1-0"]
[WhiteElo "1963"]
[BlackElo "2014"]
[PlyCount "57"]
[EventDate "2015.10.04"]
[EventType "swiss"]
[EventRounds "9"]
[EventCountry "ESP"]
[SourceTitle "CBM 169 Extra"]
[Source "ChessBase"]
[SourceDate "2015.12.18"]
[SourceVersion "1"]
[SourceVersionDate "2015.12.18"]
[SourceQuality "1"]

1. d4 f5 2. c4 Nf6 3. Nf3 g6 4. g3 Bg7 5. Bg2 0-0 6. Nc3 d6 7. 0-0 Nc6 8. b3 e5 9. Ba3 Nxd4 10. Nxd4 exd4 11. Qxd4 Ng4 12. Qd2 f4 13. Rad1 Be5 14. c5 Nxh2 15. Kxh2 fxg3+ 16. fxg3 Qh4+ 17. Kg1 Qxg3 18. Rxf8+ Kxf8 19. Qh6+ Kg8 20. Ne4 Qg4 21. Rf1 Bf5 22. Ng5 Bg7 23. Qxh7+ Kf8 24. Ne6+ Ke7 25. Nxg7 Be4 26. cxd6+ cxd6 27. Nf5+ Ke6 28. Qe7+ Kd5 29. Qxd6# 1-0

[Event "Madrid Chamartin op 4th"]
[Site "Madrid"]
[Date "2015.09.09"]
[Round "5"]
[White "Andalon Gomez, Carlos Jesus"]
[Black "Martinez Reyes, Pedro Ramon"]
[Result "1-0"]
[WhiteElo "1950"]
[BlackElo "2358"]
[PlyCount "72"]
[EventDate "2015.09.06"]
[EventType "swiss"]
[EventRounds "9"]
[EventCountry "ESP"]
[SourceTitle "EXT 2016"]
[Source "ChessBase"]
[SourceDate "2015.10.08"]
[SourceVersion "1"]
[SourceVersionDate "2015.10.08"]
[SourceQuality "1"]

1. d4 d5 2. c4 Nc6 3. Nc3 dxc4 4. d5 Ne5 5. Bf4 Ng6 6. Bg3 e5 7. e4 a6 8. a3 Nf6 9. Bxc4 Bd6 10. Nge2 0-0 11. 0-0 h5 12. f3 h4 13. Bf2 Nh5 14. g4 hxg3 15. hxg3 Bh3 16. Re1 Qg5 17. Qc1 Qf6 18. Qe3 Bc5 19. Qd3 Ngf4 20. Nxf4 Bxf2+ 21. Kxf2 exf4 22. Ne2 fxg3+ 23. Nxg3 Nf4 24. Qc3 Qb6+ 25. Re3 c6 26. Rg1 g6 27. Qe5 cxd5 28. Qxf4 dxc4 29. Rh1 Qxb2+ 30. Ne2 b5 31. Rxh3 Qg7 32. e5 Rad8 33. Nc3 Rd2+ 34. Kg3 g5 35. Qf5 Rfd8 36. Rh5 f6 1-0

[Event "Villalba op 3rd"]
[Site "Villalba"]
[Date "2015.08.16"]
[Round "9"]
[White "Guillo Longares, Cecilia"]
[Black "Andalon Gomez, Carlos Jesus"]
[Result "1-0"]
[WhiteElo "1674"]
[BlackElo "1992"]
[PlyCount "92"]
[EventDate "2015.08.09"]
[EventType "swiss"]
[EventRounds "9"]
[EventCountry "ESP"]
[SourceTitle "EXT 2024"]
[Source "ChessBase"]
[SourceDate "2023.10.10"]
[SourceVersion "1"]
[SourceVersionDate "2023.10.10"]
[SourceQuality "1"]

1. d4 d5 2. c4 dxc4 3. Nc3 a6 4. a4 Nc6 5. d5 Na5 6. e4 e5 7. Nf3 Bd6 8. Be3 f5 9. Bg5 Nf6 10. Nd2 0-0 11. Nxc4 Nxc4 12. Bxc4 h6 13. Bxf6 Qxf6 14. 0-0 Qg6 15. f3 Kh8 16. Qe2 Bc5+ 17. Kh1 f4 18. Rac1 Bd7 19. Bb3 Be3 20. Rcd1 Qd6 21. Qd3 g5 22. g4 h5 23. h3 Rf6 24. Kg2 Kg7 25. Rh1 Rh8 26. Rdf1 Rfh6 27. Qd1 Ba7 28. Qc1 Qb4 29. Ba2 Qb6 30. d6 hxg4 31. Nd5 gxh3+ 32. Kh2 Qxd6 33. Rd1 Bd4 34. Nxc7 Rc8 35. Qc4 Rf6 36. Rc1 Bb6 37. Qd5 Bxc7 38. Rhg1 Qxd5 39. Bxd5 Bc6 40. Rxg5+ Kh6 41. Rg4 Bxd5 42. exd5 Rff8 43. Kxh3 Bd6 44. Rcg1 Rf5 45. Rg6+ Kh7 46. Rxd6 Rh5+ 1-0

[Event "Madrid San Viator op 24th"]
[Site "Madrid"]
[Date "2015.05.10"]
[Round "6"]
[White "Elissalt Cardenas, Hector"]
[Black "Andalon Gomez, Carlos Jesus"]
[Result "1-0"]
[WhiteElo "2337"]
[BlackElo "2022"]
[PlyCount "61"]
[EventDate "2015.03.22"]
[EventType "swiss"]
[EventRounds "9"]
[EventCountry "ESP"]
[SourceTitle "EXT 2016"]
[Source "ChessBase"]
[SourceDate "2015.10.08"]
[SourceVersion "1"]
[SourceVersionDate "2015.10.08"]
[SourceQuality "1"]

1. Nf3 e6 2. b3 f5 3. Bb2 Nf6 4. g3 d5 5. c4 c6 6. Bg2 Bd6 7. 0-0 Nbd7 8. Qc2 0-0 9. cxd5 exd5 10. Nd4 Ne5 11. Nxf5 Bxf5 12. Qxf5 Qe7 13. Qc2 Rae8 14. Nc3 Nfg4 15. Nd1 Qf7 16. h3 Nh6 17. Ne3 Qh5 18. Rae1 Nef7 19. f4 Bb8 20. g4 Qh4 21. Qc3 Qf6 22. Qxf6 gxf6 23. Bxf6 Nd6 24. Be5 Nhf7 25. Bb2 Ne4 26. Bxe4 Rxe4 27. Nf5 Rfe8 28. e3 Bxf4 29. Ng7 Be5 30. Nxe8 Bxb2 31. Rxf7 1-0

[Event "Madrid San Viator op 24th"]
[Site "Madrid"]
[Date "2015.04.12"]
[Round "3"]
[White "Unciti Juan, Javier"]
[Black "Andalon Gomez, Carlos Jesus"]
[Result "1/2-1/2"]
[WhiteElo "2096"]
[BlackElo "2022"]
[PlyCount "115"]
[EventDate "2015.03.22"]
[EventType "swiss"]
[EventRounds "9"]
[EventCountry "ESP"]
[SourceTitle "EXT 2016"]
[Source "ChessBase"]
[SourceDate "2015.10.08"]
[SourceVersion "1"]
[SourceVersionDate "2015.10.08"]
[SourceQuality "1"]

1. e4 c5 2. Nf3 Nc6 3. d3 e6 4. g3 d5 5. Nbd2 Bd6 6. Bg2 Nge7 7. 0-0 0-0 8. Nh4 Qc7 9. f4 f6 10. c3 Bd7 11. Re1 Rab8 12. Nf1 b5 13. exd5 exd5 14. Ne3 Be6 15. Qh5 Bf7 16. Qg4 h5 17. Qd1 Qd7 18. Bf3 d4 19. Nf1 g6 20. Qe2 Rbe8 21. Qg2 Kg7 22. Bd2 Bc7 23. g4 hxg4 24. Bxg4 f5 25. Bf3 Rh8 26. Qg5 Bd5 27. Bxd5 Qxd5 28. Ng3 Qf7 29. cxd4 Qf6 30. Nf3 Qxg5 31. Nxg5 Nxd4 32. Bc3 Nd5 33. Bxd4+ cxd4 34. Ne6+ Kf6 35. Nxc7 Nxc7 36. Rac1 Nd5 37. Ne2 Rh3 38. Nxd4 Rxe1+ 39. Rxe1 Rxd3 40. Nxb5 a5 41. Na3 Nxf4 42. Nc4 Rd5 43. Re3 Nd3 44. b3 f4 45. Re8 Kf5 46. h3 g5 47. Re7 Ne5 48. Nxe5 Rxe5 49. Rxe5+ Kxe5 50. Kf2 Kd4 51. a3 Kc3 52. b4 axb4 53. axb4 Kxb4 54. Kf3 Kc4 55. h4 gxh4 56. Kxf4 Kd4 57. Kg4 Ke4 58. Kxh4 1/2-1/2

[Event "Madrid-ch sf-A"]
[Site "Madrid"]
[Date "2015.03.18"]
[Round "6"]
[White "Perez Cameselle, Francisco Jose"]
[Black "Andalon Gomez, Carlos Jesus"]
[Result "0-1"]
[WhiteElo "1862"]
[BlackElo "2022"]
[PlyCount "78"]
[EventDate "2015.03.09"]
[EventType "swiss"]
[EventRounds "9"]
[EventCountry "ESP"]
[SourceTitle "CBM 165 Extra"]
[Source "ChessBase"]
[SourceDate "2015.04.21"]
[SourceVersion "1"]
[SourceVersionDate "2015.04.21"]
[SourceQuality "1"]

1. d4 d5 2. c4 e6 3. Nf3 Nf6 4. g3 Be7 5. Bg2 dxc4 6. Qa4+ Nbd7 7. 0-0 a6 8. Qxc4 0-0 9. Nc3 b5 10. Qd3 Bb7 11. Nh4 Bxg2 12. Nxg2 c5 13. dxc5 Nxc5 14. Qf3 b4 15. Nb1 e5 16. Nd2 e4 17. Qf5 g6 18. Qh3 Qb6 19. Nc4 Qb5 20. b3 Nd5 21. Bb2 Nc3 22. Bxc3 bxc3 23. Rac1 Bf6 24. Nge3 Rfd8 25. Rfd1 Ne6 26. Ng4 Bg7 27. Nh6+ Kf8 28. Nxf7 Kxf7 29. Nd6+ Rxd6 30. Rxd6 Qf5 31. Rd7+ Kg8 32. Qxf5 gxf5 33. Kf1 Rc8 34. Rd6 Nd8 35. Rc2 Nc6 36. a3 Nd4 37. Rc1 Nxb3 38. Rc2 Na1 39. Rc1 c2 0-1

[Event "Madrid-ch sf-A"]
[Site "Madrid"]
[Date "2015.03.11"]
[Round "3"]
[White "Andalon Gomez, Carlos Jesus"]
[Black "Fernandez Aransay, Fernando"]
[Result "0-1"]
[WhiteElo "2022"]
[BlackElo "1896"]
[PlyCount "108"]
[EventDate "2015.03.09"]
[EventType "swiss"]
[EventRounds "9"]
[EventCountry "ESP"]
[SourceTitle "CBM 165 Extra"]
[Source "ChessBase"]
[SourceDate "2015.04.21"]
[SourceVersion "1"]
[SourceVersionDate "2015.04.21"]
[SourceQuality "1"]

1. d4 d5 2. c4 e6 3. Nc3 Nf6 4. Bg5 Be7 5. e3 0-0 6. Nf3 Nbd7 7. Rc1 b6 8. cxd5 exd5 9. Bb5 Bb7 10. 0-0 c6 11. Ba4 c5 12. dxc5 bxc5 13. Qe2 Nb6 14. Rfd1 Qc8 15. Bb5 Qe6 16. a4 a6 17. Bd3 Rfd8 18. a5 Nbd7 19. Bb1 Rac8 20. Ba2 Ne5 21. Nxe5 Qxe5 22. Bf4 Qf5 23. Na4 Bc6 24. Nb6 Bb5 25. Nxc8 Qxc8 26. Qf3 c4 27. Be5 Ne4 28. Bb1 f6 29. Bc3 Nxc3 30. Rxc3 Bb4 31. Rcc1 Qe6 32. Rd4 Bxa5 33. Bf5 Qe5 34. Rcd1 g6 35. Bc2 Bc6 36. Be4 Kg7 37. Bxd5 Bb6 38. Bxc6 Bxd4 39. exd4 Rxd4 40. Rb1 Rd2 41. Ba4 Rxb2 42. Rd1 Rd2 43. Rc1 Qb2 44. Re1 Qb4 45. Qe3 Ra2 46. Bc6 c3 47. Qa7+ Kh6 48. Qe3+ Kg7 49. Rd1 Rd2 50. Rc1 Qd6 51. Bf3 c2 52. Qb3 Qd4 53. Qe3 Rd1+ 54. Bxd1 cxd1Q+ 0-1

[Event "Madrid-ch sf-A"]
[Site "Madrid"]
[Date "2015.03.09"]
[Round "1"]
[White "Andalon Gomez, Carlos Jesus"]
[Black "Jimenez Gonzalez, Marcos"]
[Result "1-0"]
[WhiteElo "2022"]
[BlackElo "1851"]
[PlyCount "69"]
[EventDate "2015.03.09"]
[EventType "swiss"]
[EventRounds "9"]
[EventCountry "ESP"]
[SourceTitle "CBM 165 Extra"]
[Source "ChessBase"]
[SourceDate "2015.04.21"]
[SourceVersion "1"]
[SourceVersionDate "2015.04.21"]
[SourceQuality "1"]

1. d4 d5 2. c4 c6 3. Nc3 Nf6 4. Bg5 dxc4 5. e4 b5 6. Bxf6 exf6 7. Nf3 Be7 8. a4 b4 9. Ne2 Qa5 10. g3 Ba6 11. Bg2 0-0 12. 0-0 Nd7 13. d5 cxd5 14. Nfd4 Bc5 15. Nc6 Qb6 16. exd5 Ne5 17. a5 Qb5 18. Ned4 Bxd4 19. Qxd4 Nxc6 20. dxc6 Rfd8 21. Qf4 Rf8 22. Rfd1 Qe5 23. Qd2 c3 24. bxc3 bxc3 25. Qc2 Rad8 26. Rdc1 Rd2 27. Qe4 Qc5 28. Qf3 Rfd8 29. Rxc3 Qe5 30. c7 Rc8 31. Bh3 Re8 32. Qe3 Qxe3 33. fxe3 Bc8 34. Bxc8 Rxc8 35. Rb1 1-0

[Event "Madrid San Viator op 22nd"]
[Site "Madrid"]
[Date "2014.05.11"]
[Round "6"]
[White "Andalon Gomez, Carlos Jesus"]
[Black "Lacaci Otero, Ivan"]
[Result "1-0"]
[WhiteElo "2000"]
[BlackElo "1728"]
[PlyCount "71"]
[EventDate "2014.03.23"]
[EventType "swiss"]
[EventRounds "9"]
[EventCountry "ESP"]
[SourceTitle "EXT 2015"]
[Source "ChessBase"]
[SourceDate "2014.11.20"]
[SourceVersion "1"]
[SourceVersionDate "2014.11.20"]
[SourceQuality "1"]

1. d4 Nf6 2. c4 e6 3. Nc3 c5 4. d5 d6 5. dxe6 Bxe6 6. e4 a6 7. f4 Nc6 8. Nf3 Be7 9. Be2 0-0 10. 0-0 Rb8 11. f5 Bc8 12. Bf4 Ng4 13. Nd5 Nge5 14. Nxe5 dxe5 15. Be3 b5 16. b3 Nd4 17. cxb5 axb5 18. Rc1 Nxf5 19. Rxf5 Bxf5 20. exf5 c4 21. bxc4 bxc4 22. Bxc4 Ba3 23. Rc2 Qh4 24. Bb3 Rfd8 25. Rd2 Rdc8 26. Rf2 Rd8 27. f6 g6 28. Rd2 Qe4 29. Ba7 Rbc8 30. h3 h5 31. Ne7+ Bxe7 32. fxe7 Rxd2 33. Qxd2 Qa8 34. Qf2 Rc1+ 35. Kh2 Qe8 36. Qxf7+ 1-0

[Event "Madrid San Viator op 22nd"]
[Site "Madrid"]
[Date "2014.04.13"]
[Round "4"]
[White "San Felipe Gonzalez, Tomas"]
[Black "Andalon Gomez, Carlos Jesus"]
[Result "1-0"]
[WhiteElo "1701"]
[BlackElo "2000"]
[PlyCount "91"]
[EventDate "2014.03.23"]
[EventType "swiss"]
[EventRounds "9"]
[EventCountry "ESP"]
[SourceTitle "EXT 2015"]
[Source "ChessBase"]
[SourceDate "2014.11.20"]
[SourceVersion "1"]
[SourceVersionDate "2014.11.20"]
[SourceQuality "1"]

1. d4 d5 2. c4 e6 3. cxd5 exd5 4. Nc3 Nf6 5. Bg5 Be7 6. e3 0-0 7. Bd3 Nbd7 8. Nf3 c6 9. Qc2 h6 10. Bh4 Re8 11. h3 Nf8 12. 0-0 Ne4 13. Bxe7 Qxe7 14. Ne5 f6 15. Nf3 Bf5 16. Nh4 Bh7 17. Rfc1 g5 18. Nf3 f5 19. Ne2 Nd7 20. Nh2 Ndf6 21. Rab1 Nxf2 22. Kxf2 Qxe3+ 23. Kf1 Ne4 24. Bxe4 fxe4 25. Ng4 Rf8+ 26. Ke1 Qd3 27. Nxh6+ Kg7 28. Ng4 Qa6 29. Ra1 e3 30. Qc5 Rf7 31. Qd6 Re8 32. Qh6+ Kh8 33. Qxg5 Qa5+ 34. Rc3 Qc7 35. Rxe3 Ref8 36. Rf3 Rxf3 37. gxf3 Rxf3 38. Qe5+ Qxe5 39. Nxe5 Rxh3 40. Kd2 Rh5 41. Rg1 Be4 42. Nf7+ Kh7 43. Ng5+ Kh8 44. Nxe4 dxe4 45. Rg4 Rb5 46. Kc3 1-0

[Event "Madrid San Viator op 22nd"]
[Site "Madrid"]
[Date "2014.03.30"]
[Round "2"]
[White "Andalon Gomez, Carlos Jesus"]
[Black "Padin Lazaro, Jose Manuel"]
[Result "1-0"]
[WhiteElo "2000"]
[BlackElo "1862"]
[PlyCount "121"]
[EventDate "2014.03.23"]
[EventType "swiss"]
[EventRounds "9"]
[EventCountry "ESP"]
[SourceTitle "EXT 2015"]
[Source "ChessBase"]
[SourceDate "2014.11.20"]
[SourceVersion "1"]
[SourceVersionDate "2014.11.20"]
[SourceQuality "1"]

1. d4 d5 2. c4 e6 3. Nc3 c5 4. cxd5 exd5 5. Nf3 Nc6 6. g3 Nf6 7. Bg2 Be7 8. 0-0 0-0 9. Bf4 c4 10. Ne5 Be6 11. e3 h6 12. h4 Rc8 13. Qe2 Qa5 14. Rfd1 Rfd8 15. Qd2 Kf8 16. Qe2 Bb4 17. Rac1 Bxc3 18. bxc3 Nxe5 19. dxe5 Ne4 20. Bxe4 dxe4 21. Rd4 Rxd4 22. exd4 Qd5 23. Rb1 b5 24. Re1 Qd7 25. Qe3 Bd5 26. Kh2 Qg4 27. Qe2 Qxe2 28. Rxe2 h5 29. Rb2 Rb8 30. e6 Rb6 31. exf7 Kxf7 32. g4 g6 33. Kg3 a6 34. Be5 hxg4 35. Kxg4 Rb7 36. Rb1 Re7 37. Kf4 Rb7 38. a3 Re7 39. Rh1 Rb7 40. h5 gxh5 41. Rxh5 Kg6 42. Rg5+ Kh6 43. Bg7+ Rxg7 44. Rxd5 Rf7+ 45. Rf5 Rb7 46. Rf6+ Kg7 47. Rxa6 Rf7+ 48. Kxe4 Rxf2 49. a4 Rc2 50. axb5 Rxc3 51. d5 Rb3 52. Rb6 Kf7 53. Kd4 c3 54. Kd3 Ke7 55. Kc2 Rb4 56. Kxc3 Rh4 57. Rc6 Kd7 58. b6 Rg4 59. b7 Rg8 60. Kd4 Rb8 61. Rh6 1-0

[Event "Madrid San Viator op 17th"]
[Site "Madrid"]
[Date "2011.11.13"]
[Round "9"]
[White "Andalon Gomez, Carlos Jesus"]
[Black "Rosa Ramirez, Victor Diego"]
[Result "0-1"]
[WhiteElo "2052"]
[BlackElo "1952"]
[PlyCount "68"]
[EventDate "2011.09.25"]
[EventType "swiss"]
[EventRounds "9"]
[EventCountry "ESP"]
[SourceTitle "EXT 2012"]
[Source "ChessBase"]
[SourceDate "2011.11.24"]
[SourceVersion "1"]
[SourceVersionDate "2011.11.24"]
[SourceQuality "1"]

1. d4 Nf6 2. c4 e5 3. dxe5 Ng4 4. e4 h5 5. Be2 Nc6 6. Nf3 Bc5 7. 0-0 Ncxe5 8. Nxe5 Nxe5 9. a3 a5 10. Qb3 Qh4 11. Qg3 Qxg3 12. hxg3 d6 13. Nc3 Bg4 14. Bxg4 hxg4 15. Nd5 0-0-0 16. b4 Bd4 17. Ra2 Rh7 18. Ne7+ Kb8 19. Nf5 Rdh8 20. Nh4 Ng6 21. Rd1 Nxh4 22. gxh4 Rxh4 23. Kf1 Rh1+ 24. Ke2 Rxd1 25. Kxd1 Rh1+ 26. Kc2 Bxf2 27. Kd3 g3 28. Bf4 Rg1 29. Ke2 Rxg2 30. Kf3 Rh2 31. bxa5 g5 32. Bd2 Be1 33. Ke3 Bxd2+ 34. Kf3 Bf4 0-1

[Event "Madrid San Viator op 17th"]
[Site "Madrid"]
[Date "2011.10.02"]
[Round "3"]
[White "Andalon Gomez, Carlos Jesus"]
[Black "Barahona Torrijos, Angel"]
[Result "0-1"]
[WhiteElo "2052"]
[BlackElo "1902"]
[PlyCount "74"]
[EventDate "2011.09.25"]
[EventType "swiss"]
[EventRounds "9"]
[EventCountry "ESP"]
[SourceTitle "EXT 2012"]
[Source "ChessBase"]
[SourceDate "2011.11.24"]
[SourceVersion "1"]
[SourceVersionDate "2011.11.24"]
[SourceQuality "1"]

1. d4 Nf6 2. c4 e6 3. Nc3 d5 4. cxd5 exd5 5. Bg5 Be7 6. e3 h6 7. Bh4 c6 8. Qc2 0-0 9. Bd3 Ne8 10. Bg3 Nd6 11. Nge2 f5 12. 0-0-0 b5 13. Kb1 Nc4 14. Nf4 Na6 15. Bxc4 bxc4 16. Ng6 Nb4 17. Qe2 Rf6 18. Ne5 Ba6 19. h4 Nd3 20. h5 Rb8 21. Nxd3 cxd3 22. Qd2 Rb7 23. Bh4 Qa5 24. Bxf6 Bb4 25. Rc1 gxf6 26. Rh3 Bc4 27. Rg3+ Kh7 28. b3 Qb6 29. Rg6 Ba3 30. e4 f4 31. Nxd5 Bxd5 32. exd5 Qxd4 33. Rc4 Qxc4 34. dxc6 Qxc6 35. Rxh6+ Kxh6 36. Qxf4+ Kh7 37. Qf5+ Kh8 0-1